Govt. of
Madhya Pradesh

Normal view MARC view

Entry Topical Term

Number of records used in: 1

001 - CONTROL NUMBER

  • control field: 52870

003 - CONTROL NUMBER IDENTIFIER

  • control field: OSt

005 - DATE AND TIME OF LATEST TRANSACTION

  • control field: 20160420131726.0

008 - FIXED-LENGTH DATA ELEMENTS

  • fixed length control field: 160420|| aca||aabn | a|a d

040 ## - CATALOGING SOURCE

  • Original cataloging agency: OSt
  • Transcribing agency: OSt

150 ## - HEADING--TOPICAL TERM

  • Topical term or geographic name entry element: दर्शन

670 ## - SOURCE DATA FOUND

  • Source citation: Work cat.: (OSt)44983: जोशी विजय कुमार 52869, दर्शन शास्‍त्र दिग्‍दर्शन , 2009